000 00372nam a22001697a 4500
005 20260407144321.0
008 160627b xxu||||| |||| 00| 0 eng d
020 _a0-340-91088-7
041 _aeng
082 _a823.912
100 _aEnid Blyton
_98923
245 _aThe famous five
260 _bHodder
_c2005
300 _a218
650 _aManagement
942 _cBK
999 _c4148
_d4147